Cơ ứng dụng trong kỹ thuật

Đã lưu trong:
Sonraí Bibleagrafaíochta
Príomhúdar: Đặng, Việt Chương
Formáid: Leabhar
Teanga:Undetermined
Foilsithe: Hà Nội Khoa học và Kỹ thuật 2005
Ábhair:
Clibeanna: Cuir Clib Leis
Gan Chlibeanna, Bí ar an gcéad duine leis an taifead seo a chlibeáil!
Thư viện lưu trữ: Trung tâm Học liệu Trường Đại học Cần Thơ
LEADER 00554nam a2200193Ia 4500
001 CTU_94781
008 210402s9999 xx 000 0 und d
020 |c 49000 
082 |a 620.1 
082 |b Ch561 
100 |a Đặng, Việt Chương 
245 0 |a Cơ ứng dụng trong kỹ thuật 
245 0 |c Đặng Việt Chương 
260 |a Hà Nội 
260 |b Khoa học và Kỹ thuật 
260 |c 2005 
650 |a Mechanics, applied 
904 |i Năm 
980 |a Trung tâm Học liệu Trường Đại học Cần Thơ